000 00950cam a2200301 a 4500
001 17333593
005 20180314080402.0
008 120606s2012 nyua b 001 0 eng
010 _a 2012419205
_z 2010942457
020 _a9781429208383 (cloth)
020 _a1429208384 (cloth)
020 _a9781429231848 (paper)
020 _a142923184X (paper)
040 _aDLC
_cDLC
_dDLC
041 _aeng
042 _apcc
080 _a51 ROG
082 _a51 ROG
100 1 _a37
101 _aMAT
245 1 0 _aCalculus.
_pEarly transcendentals /
_cJon Rogawski.
246 3 _aEarly transcendentals calculus
504 _aIncludes bibliographical references (p. 117-120, 2nd group) and index.
906 _a7
_bcbc
_corignew
_d3
_encip
_f20
_gy-gencatlg
942 _2ddc
_cBK
999 _c45000
_d45000